Top 10 players with the most goals in Bulgarian football - Statistics

General Stats
  • This quiz has been taken 38 times
  • The average score is 4 of 10
Answer Stats
Answer Teams Goals % Correct
Martin Kamburov 145 – Lokomotiv Plovdiv, 50 – Beroe, 33 – Lokomotiv Sofia, 9 – Cska 1948, 5 – Spartak Pleven, 3 – Botev Plovdiv, 3 – Cska 248
87%
Petar Zhekov 8 – Dimitrovgrad, 101 – Beroe, 144 – Cska 253
61%
Nasko Sirakov 8 – Haskovo, 165 – Levski, 4 – Botev Plovdiv, 19 – Slavia 196
55%
Hristo Bonev 180 – Lokomotiv Plovdiv, 5 – Cska 185
52%
Dinko Dermendzhiev Botev Plovdiv 194
29%
Nikola Kotkov 144 – Lokomotiv Sofia, 3 – ZHSK Slavia, 18 – Levski Sofia 163
19%
Plamen Getov 2 – Etar, 109 – Spartak Pleven, 8 – Cska, 26 – Levski Sofia, 20 – Shumen 164
16%
Stefan Bogomilov Cherno more 162
16%
Petko Petkov 144 – Beroe, 8 – Akademik Svishtov 152
13%
Petar Mihtarski 77 – Pirin Blagoevgrad, 46 – Levski Sofia, 32 – Cska 158
10%
No matching quizzes found
Score Distribution
Percent of People with Each Score
Percentile by Number Answered
Your Score History
You have not taken this quiz